Statistics for Nearshore Saltwater Fish of Florida

Click here to take the quiz!

General Stats

  • This quiz has been taken 141 times
  • The average score is 17 of 48

Answer Stats

Answer% Correct
Flounder
94%
Red Drum
81%
Black Drum
60%
Snook
58%
Great Hammerhead Shark
54%
Sheepshead
51%
Tarpon
49%
Great White Shark
47%
American Eel
46%
Florida Pompano
46%
Ladyfish
45%
Tiger Shark
45%
Mangrove Snapper
43%
Spanish Mackerel
43%
King Mackerel
42%
Tripletail
42%
Goliath Grouper
41%
Bluefish
40%
Bull Shark
40%
Southern Stingray
40%
Spotted Seatrout
40%
Jack Crevalle
37%
Mutton Snapper
37%
Permit
37%
Southern Kingfish
35%
Bonnethead Shark
34%
Croaker
34%
Longspine Porgy
33%
Lookdown
33%
Lane Snapper
30%
Gafftopsail Catfish
29%
Gag Grouper
29%
Spadefish
29%
Black Sea Bass
27%
Blacktip Shark
25%
Cownose Ray
24%
Hardhead Catfish
18%
Finger Mullet
17%
Pigfish
17%
Striped Mullet
17%
Oyster Toadfish
16%
Weakfish
14%
Atlantic Menhaden
12%
Mudminnow
11%
Silver Perch
11%
Bank Sea Bass
7%
Hairy Blenny
7%
Rock Sea Bass
6%

Score Distribution

Percentile by Number Answered

Percent of People with Each Score

Your Score History

You have not taken this quiz